ბათუმის შოთა რუსთაველის სახელმწიფო უნივერსიტეტის ბიბლიოთეკა

ქართული პროზა. წიგნი 28.ალექსანდრე ქუთათელი:პირისპირ (ბიბ.ჩანაწერი № 43752)

000 -LEADER
fixed length control field 01114nam a2200253Ia 4500
001 - CONTROL NUMBER
control field 10497
003 - CONTROL NUMBER IDENTIFIER
control field GE_BSU
008 - FIXED-LENGTH DATA ELEMENTS--GENERAL INFORMATION
fixed length control field 181216s||||||||xx |||||||||||||| ||und||
020 ## - INTERNATIONAL STANDARD BOOK NUMBER
International Standard Book Number 9789992895269
040 ## - CATALOGING SOURCE
Transcribing agency GE_BSU
080 ## - UNIVERSAL DECIMAL CLASSIFICATION NUMBER
Universal Decimal Classification number 821.353.1–3+821.353.1-31
100 ## - MAIN ENTRY--PERSONAL NAME
Personal name ქუთათელი,ალექსანდრე
245 ## - TITLE STATEMENT
Title ქართული პროზა. წიგნი 28.ალექსანდრე ქუთათელი:პირისპირ
245 ## - TITLE STATEMENT
Remainder of title რომანი
245 ## - TITLE STATEMENT
Statement of responsibility, etc. სარედ.კოლ.რ.თვარაძე და სხვ.შემდგ.რედ.ჯ.ღვინჯილია.ვ.ჯავახაძე.მხატვ.დ.დუნდუა,თამაზ შარიფაშვილი
260 ## - PUBLICATION, DISTRIBUTION, ETC.
Place of publication, distribution, etc. თბილისი
260 ## - PUBLICATION, DISTRIBUTION, ETC.
Name of publisher, distributor, etc. საქართველო
260 ## - PUBLICATION, DISTRIBUTION, ETC.
Date of publication, distribution, etc. 1997
300 ## - PHYSICAL DESCRIPTION
Extent 688გვ.20სმ.
653 ## - INDEX TERM--UNCONTROLLED
Uncontrolled term ალექსანდრე ქუთათელი:პირისპირ
653 ## - INDEX TERM--UNCONTROLLED
Uncontrolled term ქართული პროზა წიგნი
942 ## - ADDED ENTRY ELEMENTS (KOHA)
Koha item type წიგნი
ეგზემპლარები
Withdrawn status Lost status Damaged status Not for loan Date acquired Barcode Date last seen Price effective from Koha item type
        2018-12-17 34250 2018-12-17 2018-12-17 წიგნი